00281nam a2200121Ia 4500008004100000041000900041082001800050100001800068245001800086260003900104300000800143650000800151230718s9999 xx 000 0 und d aEng. a346.01bMAR-M aMartin, Fille 0aModern Equity aPakistanbSweet and Morwell c1997 a927 aLaw